000
00276nam a2200109Ia 4500
008
190216s9999||||xx |||||||||||||| ||und||
100
_a
Sreekanth Saran
245
0
_a
Hindi-Sreerama Charitha Manas Vol 1 To 4
260
_b
Busthaka Bander Patma
650
_a
Hindi
942
_c
BK
999
_c
15234
_d
15234